Entrenamientos de fútbol: juegos, adiestramiento y prácticas

Sábháilte in:
Sonraí bibleagrafaíochta
Príomhchruthaitheoir: Whitehead, Nick (Údar)
Formáid: LEABHAR
Teanga:Spáinnis
Foilsithe / Cruthaithe: Barcelona Paido Tribo 1993
Sraith:Coleccion Futbol
Ábhair:
Clibeanna: Cuir clib leis
Níl clibeanna ann, Bí ar an gcéad duine le clib a chur leis an taifead seo!

MARC

LEADER 00000nam a2200000 a 4500
001 UCX7100
003 CL-VaPUC
008 931108e19930000SP |||||||||||||||||spa|d
082 0 4 |a 796.334  |b WHI  |2 21 
100 0 |a Whitehead, Nick  |e author  |9 323871 
245 1 0 |a Entrenamientos de fútbol: juegos, adiestramiento y prácticas 
300 |a 185 p 
942 |c BK 
945 |d 19931108 00:00:00  |a rbrito 
260 |a Barcelona  |b Paido Tribo  |c 1993 
650 0 |a Fútbol  |9 307513 
583 |a last modification  |c 19931108 00:00:00  |k Rodrigo Vera 
490 0 |a Coleccion Futbol 
999 |c 227013  |d 227011 
952 |0 0  |1 0  |4 0  |6 796_334000000000000_WHI_1993  |7 0  |8 A  |9 225767  |a BIBEDU  |b BIBEDU  |d 2019-11-15  |i 2943786  |o 796.334 WHI 1993  |p 2943786  |r 2019-11-15  |w 2019-11-15  |y BK  |k EFI